| 000 | 00937nam a2200253 a 4500 | ||
|---|---|---|---|
| 001 | 000041681 | ||
| 003 | DO-SdBNP | ||
| 005 | 20250710132624.0 | ||
| 008 | 131016s1999 sp 001 0 spa d | ||
| 020 | _a8400078055 | ||
| 040 |
_aDO-SdBNP _bspa _cBNPHU |
||
| 041 | 1 | 7 |
_aspa _bcat. _ffre |
| 245 | 0 | 0 |
_aFiscalidad real y finanzas urbanas en la Cataluña medieval / _ceditor, Manuel Sánchez Martínez. |
| 260 |
_aBarcelona : _bInstitució Milà i Fontanals, _c1999. |
||
| 300 |
_a397 p. ; _c24 cm. |
||
| 490 | 1 |
_aAnuario de estudios medievales. _aanejo _v35 |
|
| 500 | _aIncluye índice | ||
| 504 | _aIncluye referencias bibliográficas y notas al pie de las páginas | ||
| 546 | _aTextos en castellano, francés y catalán | ||
| 700 | 1 |
_aSánchez Martínez, Manuel _eed. _968485 |
|
| 710 | 2 |
_aInstitución Milá y Fontanals (Barcelona) _968486 |
|
| 830 | 0 |
_aAnuario de estudios medievales. _pAnejo ; _v35 _964050 |
|
| 942 |
_2ddc _cLBS1 |
||
| 999 |
_c41171 _d41171 |
||